000
00279nam a2200097Ia 4500
008
171204s9999 xx 000 0 und d
245
_a
Accounting Entries in SAP ERP Controlling:
245
_c
Janet Salmon
260
_c
2016
856
_u
http://down.ebook777.com/037/B01JH0IAWS.pdf
999
_c
345785
_d
345785